Click the Movie Title Ending #6 - Middle Words - Statistics

General Stats
  • This quiz has been taken 470 times
  • The average score is 13 of 15
Answer Stats
Hint Answer % Correct
Friends...Benefits With
99%
Kung...Panda Fu
95%
Men...Black In
95%
You've...Mail Got
94%
High...Musical School
94%
Bridget...Diary Jones's
90%
Good...Hunting Will
90%
Crazy...Asians Rich
89%
Saving...Ryan Private
88%
Office...Party Christmas
85%
A...Orange Clockwork
84%
Dallas...Club Buyers
82%
Mickey...Eyes Blue
81%
Crazy...Love Stupid
74%
Waking...Devine Ned
68%
No matching quizzes found
Score Distribution
Percent of People with Each Score
Percentile by Number Answered
Your Score History
You have not taken this quiz